Online Catalogue and eLibrary

Power/Gender: (Record no. 1601)

MARC details
000 -LEADER
fixed length control field 00627nam a2200229Ia 4500
005 - DATE AND TIME OF LATEST TRANSACTION
control field 20250206042045.0
008 - FIXED-LENGTH DATA ELEMENTS--GENERAL INFORMATION
fixed length control field 240331s9999 xx 000 0 und d
020 ## - INTERNATIONAL STANDARD BOOK NUMBER
ISBN 0803986750
082 ## - DDC Classification
Item Number - Author Mark RAD
DDC Edition Number 3396
Class No. 305.4
245 #0 - TITLE STATEMENT
Title Power/Gender:
Remainder of title Social Relations in Theory and Practice
260 ## - PUBLICATION, DISTRIBUTION, ETC.
Place of publication, distribution, etc. London;
-- California;
-- New Delhi
Name of publisher, distributor, etc. SAGE Publication
Date of publication, distribution, etc. 1994
300 ## - PHYSICAL DESCRIPTION
Extent (e.g. Volumes, Pages etc.) x, 317 p.,
650 ## - SUBJECT ADDED ENTRY--TOPICAL TERM
Topical term or geographic name entry element Gender
650 ## - SUBJECT ADDED ENTRY--TOPICAL TERM
Topical term or geographic name entry element Social Science
650 ## - SUBJECT ADDED ENTRY--TOPICAL TERM
Topical term or geographic name entry element Women's Studies
650 ## - SUBJECT ADDED ENTRY--TOPICAL TERM
Topical term or geographic name entry element Social Psychology
650 ## - SUBJECT ADDED ENTRY--TOPICAL TERM
Topical term or geographic name entry element Feminist Theory
650 ## - SUBJECT ADDED ENTRY--TOPICAL TERM
Topical term or geographic name entry element Politics
700 ## - ADDED ENTRY--PERSONAL NAME
Personal name Radtke, H. L
Relator term (Role) Editor
700 ## - ADDED ENTRY--PERSONAL NAME
Personal name Stam, H. J
Relator term (Role) Editor
942 ## - Koha item type (Biblio)
Koha item type Books in Stacks (Lending)
Holdings
Lost status Damaged status Collection code Home library Current library Shelving location Date acquired Full call number Accession Number Item type
    Lending WERC Library WERC Library Social Science Cupboard 03/31/2024 305.3 POW 3396 Books in Stacks (Lending)

© WERC Library